000 00921nam a2200241 i 4500
001 bg
110 2 _aPolska.
_bUrząd Komitetu Integracji Europejskiej.
_bDepartament Analiz.
245 1 0 _aPolska w Unii Europejskiej doświadczenia pierwszego roku członkostwa /
_c[przygot. w Departamencie Analiz i Strategii Urzędu Komitetu Integracji Europejskiej pod red. Rafała Hykawego].
260 _aWarszawa :
_bUKIE,
_c2005.
300 _a326 s. :
_bwykr. ;
_c24 cm.
610 2 9 _aUnia Europejska
_xa Polska
_xgospodarka
_yod 2004 r.
610 2 9 _aUnia Europejska
_xgospodarka
610 2 9 _aUnia Europejska
_xpolityka
651 9 _aPolska
_xa Unia Europejska
_xgospodarka
_zod 2004 r.
700 1 _aHykawy, Rafał.
_eRed.
020 _a8389972298
040 _cBPK
041 0 _apol
080 _a338.22(438):339.923(4-67)"2004/..."
920 _a83-89972-29-8
942 _cKS
008 s pl f |000 0 pol
999 _c46461
_d46461
856 _uhttp://koha.tu.koszalin.pl/cgi-bin/koha/opac-detail.pl?biblionumber=46461
_yKatalog online BPK